Atmospheres (Record no. 4221)
[ view plain ]
| 000 -LEADER | |
|---|---|
| fixed length control field | 00604nam a2200205Ia 4500 |
| 003 - CONTROL NUMBER IDENTIFIER | |
| control field | IN-BaIIA |
| 008 - FIXED-LENGTH DATA ELEMENTS--GENERAL INFORMATION | |
| fixed length control field | 211028s9999 xx 000 0 eng d |
| 020 ## - INTERNATIONAL STANDARD BOOK NUMBER | |
| International Standard Book Number | 0-13-050088-7 |
| 040 ## - CATALOGING SOURCE | |
| Transcribing agency | IIA Library |
| 080 ## - UNIVERSAL DECIMAL CLASSIFICATION NUMBER | |
| Universal Decimal Classification number | 523.4-852 |
| Item number | GOO |
| 100 ## - MAIN ENTRY--PERSONAL NAME | |
| Personal name | Goody, Richard M |
| 9 (RLIN) | 7417 |
| 245 #0 - TITLE STATEMENT | |
| Title | Atmospheres |
| Statement of responsibility, etc. | Richard M. Goody and C. G. James Walker |
| 260 ## - PUBLICATION, DISTRIBUTION, ETC. | |
| Place of publication, distribution, etc. | Englewood Cliffs |
| Name of publisher, distributor, etc. | Prentice-Hall |
| Date of publication, distribution, etc. | 1972 |
| 300 ## - PHYSICAL DESCRIPTION | |
| Extent | x, 150p. |
| 490 ## - SERIES STATEMENT | |
| Series statement | Foundations of earth sciences series |
| 650 ## - SUBJECT ADDED ENTRY--TOPICAL TERM | |
| Topical term or geographic name entry element | Astronomy and astrophysics thesaurus |
| 650 ## - SUBJECT ADDED ENTRY--TOPICAL TERM | |
| Topical term or geographic name entry element | Atmospheres |
| 9 (RLIN) | 2122 |
| 700 ## - ADDED ENTRY--PERSONAL NAME | |
| Personal name | Walker, James C. G. |
| 9 (RLIN) | 7418 |
| 942 ## - ADDED ENTRY ELEMENTS (KOHA) | |
| Koha item type | Books |
| Withdrawn status | Lost status | Damaged status | Not for loan | Home library | Current library | Shelving location | Date acquired | Cost, normal purchase price | Total Checkouts | Full call number | Barcode | Date last seen | Cost, replacement price | Price effective from | Koha item type | Purchase Price |
|---|---|---|---|---|---|---|---|---|---|---|---|---|---|---|---|---|
| IIA Library-Bangalore | IIA Library-Bangalore | General Stacks | 23/05/1973 | 22.42 | 523.4-852/ GOO | 4711 | 05/11/2021 | 22.42 | 23/05/1973 | Books | Rs. 22.42 |